|
|
|
|
| LEADER |
02309nam a2200589 i 4500 |
| 001 |
nkc20162774090 |
| 003 |
CZ PrNK |
| 005 |
20160315133414.0 |
| 007 |
ta |
| 008 |
160204s2015 xr a f 000 0 cze |
| 015 |
|
|
|a cnb002774090
|
| 020 |
|
|
|a 978-80-7416-219-0
|q (brožováno)
|
| 035 |
|
|
|a (OCoLC)944219163
|
| 040 |
|
|
|a ABA001
|b cze
|e rda
|
| 041 |
0 |
|
|a cze
|b cze
|b eng
|
| 043 |
|
|
|a e------
|a dd-----
|
| 072 |
|
7 |
|a 364.3
|x Sociální pojištění. Zdravotní pojištění. Důchody
|2 Konspekt
|9 18
|
| 080 |
|
|
|a 364.37
|2 MRF
|
| 080 |
|
|
|a 364.35/.37-2
|2 MRF
|
| 080 |
|
|
|a (4)
|2 MRF
|
| 080 |
|
|
|a (1-775)
|2 MRF
|
| 080 |
|
|
|a (048.8)
|2 MRF
|
| 080 |
|
|
|a (078.7)
|2 MRF
|
| 100 |
1 |
|
|a Holub, Martin,
|d 1978-
|7 mzk2004246422
|4 aut
|
| 245 |
1 |
0 |
|a Přehodnocení podoby institutu pozůstalostních důchodů ve světle demografických změn /
|c Martin Holub, Milan Šlapák
|
| 250 |
|
|
|a 1. vydání
|
| 264 |
|
1 |
|a Praha :
|b VÚPSV, v.v.i.,
|c 2015
|
| 300 |
|
|
|a 75, 5 stran :
|b barevné ilustrace ;
|c 30 cm
|
| 336 |
|
|
|a text
|b txt
|2 rdacontent
|
| 337 |
|
|
|a bez média
|b n
|2 rdamedia
|
| 338 |
|
|
|a svazek
|b nc
|2 rdacarrier
|
| 504 |
|
|
|a Obsahuje bibliografie a bibliografické odkazy
|
| 546 |
|
|
|a České a anglické resumé
|
| 650 |
0 |
7 |
|a vdovské a vdovecké důchody
|7 ph903164
|z země Evropské unie
|2 czenas
|
| 650 |
0 |
7 |
|a vdovské a vdovecké důchody
|7 ph903164
|z vyspělé země
|2 czenas
|
| 650 |
0 |
7 |
|a důchodová politika
|7 ph316285
|z země Evropské unie
|2 czenas
|
| 650 |
0 |
7 |
|a důchodová politika
|7 ph316285
|z vyspělé země
|2 czenas
|
| 650 |
0 |
9 |
|a widow's and widower's pensions
|z European Union countries
|2 eczenas
|
| 650 |
0 |
9 |
|a widow's and widower's pensions
|z developed countries
|2 eczenas
|
| 650 |
0 |
9 |
|a pension policy
|z European Union countries
|2 eczenas
|
| 650 |
0 |
9 |
|a pension policy
|z developed countries
|2 eczenas
|
| 655 |
|
7 |
|a monografie
|7 fd132842
|2 czenas
|
| 655 |
|
7 |
|a případové studie
|7 fd133208
|2 czenas
|
| 655 |
|
9 |
|a monographs
|2 eczenas
|
| 655 |
|
9 |
|a case studies
|2 eczenas
|
| 700 |
1 |
|
|a Šlapák, Milan
|7 mzk2005294900
|4 aut
|
| 910 |
2 |
|
|a BOA001
|b 4-1361.562
|
| 928 |
9 |
|
|a Výzkumný ústav práce a sociálních věcí
|
| 990 |
|
|
|a BK
|
| 995 |
|
|
|a 01
|
| 991 |
|
|
|b 201602
|c NOV
|
| 996 |
6 |
|
|b 2610658794
|c 4-1361.562
|l MZK
|r Sklad / do 1 hodiny
|n 2
|p p.v.
|w 001542954
|u 000010
|a 1
|e BOA001
|j MZK50
|s P
|